Music Quiz

Random Music Quiz

Guess the NCT song by Taeil's line Quiz Stats

 Plays Quiz not verified by Sporcle

Score 0/14 Timer 13:00
0 Plays Today
Hint Answer % Correct
“I’M SO SUPER!” Ey!Superhuman
88.9%
So let’s just wake up this worldWake up
85.2%
And now we in a zoneRegular
85.2%
She no longer needs meNo longer
81.5%
It tastes like a__Cherry Bomb
77.8%
Fly away with me babyFly away with me
74.1%
I just want to feel good all night long ohGood Thing
55.6%
Hint Answer % Correct
Oh running to youRunning 2 U
55.6%
Stop waiting get ready We can make the storyChain
55.6%
Yeah, yeah, it’s youlimitless
48.1%
...runnin’ runnin...Highway to Heaven
44.4%
Every-everybody goesWakey Wakey
44.4%
You’d better come better come hereWelcome to my playground
37%
That’s why I love youComeback
14.8%

You're not logged in!

Compare scores with friends on all Sporcle quizzes.
OR
Log In

Sporcle TV

Today on Sporcle TV


Watch our educational content, quiz creation guides, and fun videos on Sporcle TV.

Show Comments

Extras

Created Sep 11, 2019ReportNominate
Tags:NCT, NCT 127

Top Quizzes Today


Score Distribution

Your Account Isn't Verified!

In order to create a playlist on Sporcle, you need to verify the email address you used during registration. Go to your Sporcle Settings to finish the process.

Report this User

Report this user for behavior that violates our Community Guidelines.

Details: